Podiel ekonomických a právnych vied na rozvoji verejnej správy a podnikania
Vymedzenie základných pojmov. Pojem priestor a jeho charakteristika. Výklad pojmu verejná správa. Priestor EÚ pre pôsobenie verejnej správy a posledné zámery súčasnej vlády pre danú oblasť v najbližšom období. Regionalistika, regionálny rozvoj. Problematika podnikania.
Salvato in:
| Autore principale: | |
|---|---|
| Natura: | Capitolo di libro |
| Lingua: | slovacco |
| Soggetti: | |
| Tags: |
Nessun Tag, puoi essere il primo ad aggiungerne!!
|
MARC
| LEADER | 00000naa$a2200000$$$4500 | ||
|---|---|---|---|
| 001 | 0060642 | ||
| 005 | 20221128134524.7 | ||
| 041 | 0 | |a slo | |
| 044 | |a CZ | ||
| 245 | 1 | 0 | |a Podiel ekonomických a právnych vied na rozvoji verejnej správy a podnikania |c Jozef Búšik |
| 520 | |a Vymedzenie základných pojmov. Pojem priestor a jeho charakteristika. Výklad pojmu verejná správa. Priestor EÚ pre pôsobenie verejnej správy a posledné zámery súčasnej vlády pre danú oblasť v najbližšom období. Regionalistika, regionálny rozvoj. Problematika podnikania. | ||
| 610 | 2 | 0 | |a priestor |
| 610 | 2 | 0 | |a správa verejná |
| 610 | 2 | 0 | |a politika regionálna |
| 610 | 2 | 0 | |a vývoj regionálny |
| 610 | 2 | 0 | |a podnikanie |
| 610 | 2 | 0 | |a Slovensko |
| 100 | 1 | |a Búšik, Jozef | |